Types of Zoology - Statistics

General Stats
  • This quiz has been taken 46 times
  • The average score is 3 of 8
Answer Stats
Picture Answer % Correct
Ornithology
86%
Entomology
64%
Herpetology
61%
Mammalogy
39%
Parasitology
31%
Cetology
17%
Acarology
6%
Paleozoology
6%
No matching quizzes found
Score Distribution
Percent of People with Each Score
Percentile by Number Answered
Your Score History
You have not taken this quiz